000 00282nam a22001097a 4500
999 _c13630
_d13630
082 _a891.43935
100 _aڈاکٹر مبارک علی
245 _aبدلتی ہوئی تاریخ
260 _aلاہور
_bفکشن ہاؤس
_c١٩٩٧
300 _a١٩٩ صفحات
942 _cBK